LEADER 00928nam0-2200301 --450 001 9911013372603321 005 20251002115949.0 010 $a88-8016-031-1 100 $a20250711d1994----kmuy0itay5050 ba 101 0 $aita 102 $aIT 105 $aa ab 001yd 200 1 $aDada$el'arte della negazione 210 $aRoma$cEdizioni De Luca$d1994 215 $a374 p.$cill.$d31 cm 300 $aCatalogo della mostra tenutasi al Palazzo delle Esposizioni, Roma, 29 aprile-30 giugno 1994 300 $aIn testa al frontespizio: Comune di Roma, Assessorato alla Cultura 610 0 $aDadaismo $aEsposizioni$a1994 676 $a709.04062$v20 801 0$aIT$bUNINA$gREICAT$2UNIMARC 901 $aBK 912 $a9911013372603321 952 $a709.04 MOSTRE ROMA 1994$b2025/2663$fFLFBC 952 $aDE FUSCO 1294$bRDF 1348$fDARST 959 $aDARST 959 $aFLFBC 996 $aDada$989723 997 $aUNINA